00949 a2200157 4500003000500000005001700005040000900022082001500031100002300046245004300069250001200112260003000124300001100154505060400165650002200769Nust20230712125336.0 cNust a530.12,SCH aSchiff, Leonard I. aQuantum mechanics /cLeonard I. Schiff a2nd ed. aLondonbMcGraw-Hillc1955 a417 p. aThe Physical Basis of Quantum Mechanics (Page-1), The Schrodinger Wave Equation (Page-17), Eigenfucation and Eigen values (Page-41), Discrete Eigen values Energy Levels (Page-60), Continuous Eigen values Collision Theory (Page-92), Matrix Formation of Quantum Mechanics (Page-122), Approximation Methods for Station Problems (Page-151), Approximation Methods for Time Dependent Problems (Page-195), Identical Particles and Spin (Page-222), Atoms Molecules and Nuclei (Page-277), Relativistic Wave Equations (Page-318), The Quantization of Wave Fields (Page-342), Quantum Electrodynamics (Page-373).  aQuantum mechanics